Statistiques concernant Villes par voyelles #1

Cliquez ici pour prendre le quiz!

Statistiques générales

  • Ce quiz a été pris 76 fois
  • Le résultat moyen est 8 sur 24

Statistiques - réponses

Ville% Correct
{P} a {r} i {s}
94%
{T} o {k} y o
84%
{D} u {b} a ï
72%
A {t} {h} è {n} e {s}
59%
{B} u e {n} o {s} A i {r} e {s}
57%
{M} o {s} {c} o u
43%
{T} é {h} é {r} a {n}
41%
I {s} {t} a {n} {b} u {l}
36%
{M} a {d} {r} i {d}
36%
{L} o {n} {d} {r} e {s}
35%
{L} e {C} a i {r} e
33%
{L} i {s} {b} o {n} {n} e
29%
A {m} {s} {t} e {r} {d} a {m}
26%
{T} u {r} i {n}
22%
{T} e {l} A {v} i {v}
19%
{B} e {r} {n} e
17%
{K} a {r} a {c} {h} i
16%
{S} {t} o {c} {k} {h} o {l} {m}
14%
{D} a {k} a {r}
12%
{M} e {l} {b} o u {r} {n} e
10%
{M} u {n} i {c} {h}
10%
{K} i {n} {s} {h} a {s} a
9%
{J} o {h} a {n} {n} e {s} {b} o u {r} {g}
7%
{P} {h} {n} o {m} {P} e {n} {h}
0%

Distribution des résultats

Percentile par nombre de réponses

% des personnes avec chaque résultat

Votre développement - résultats

Vous n’avez pas pris ce quiz